000 00686nam a2200253Ia 4500
003 OSt
005 20220926011155.0
006 a|||||r|||| 00| 0
007 ta
008 220923b |||||||| |||| 00| 0 eng d
037 _cGeneral Book
040 _aRTL
_cRTL
_beng
041 _2eng
_aeng
082 _aX:(B28), M4;M8
100 _aNewbold Paul
_9126551
245 0 _aStatistics for business and economis
250 _a2
260 _aNew Jersey
_bPrentice-Hall
_c1988
300 _axiii,866p
_ccm.
500 _aAppendix P 823-43
650 _aEconomic Statistics
942 _hX:(B28), M4;M8
_cGB
_2CC
999 _c619279
_d619279